Normal view
MARC view
Entry Nombre de reunión
001 - NÚMERO DE CONTROL
- campo de control: 52075
003 - IDENTIFICADOR DEL NÚMERO DE CONTROL
- campo de control: OSt
005 - FECHA Y HORA DE LA ÚLTIMA TRANSACCIÓN
- campo de control: 20200615034434.0
008 - DATOS DE LONGITUD FIJA
- campo de control de longitud fija: 200615|| aca||aabn | a|a d
040 ## - FUENTE DE LA CATALOGACIÓN
- Centro catalogador/agencia de origen: OSt
- Centro/agencia transcriptor: OSt
111 ## - ENCABEZAMIENTO--NOMBRE DE CONGRESO/REUNIÓN
- Nombre de congreso/reunión o jurisdicción como elemento de entrada: Curso sobre Lengua y Literatura en Aragón
- Número del congreso/reunión o número de parte o sección: (1 :
- Fecha del congreso/reunión: 1991,
- Sede del congreso/Lugar de la reunión: Universidad de Zaragoza)
670 ## - FUENTE DE DATOS ENCONTRADOS
- Cita de la fuente: Work cat.: (OSt)24951: Curso sobre Lengua y Literatura en Aragón (1 : 1991, Universidad de Zaragoza), I Curso sobre Lengua y Literatura en Aragón :, 1991.
